000
00318 a2200157 4500
001
173659
020
_a
040
_c
Magnum
100
_a
Campos, Mariluiza
240
1
0
_a
O segredo da coruja
_l
por
245
1
0
_a
O segredo da coruja
362
0
_a
1899
440
1
_a
Paulinas
697
_a
IJ/GERAL
942
_c
BK
999
_c
173659
_d
173659